000 02077cam a22004574i 4500
003 PE-LiUPU
005 20250731183425.0
008 150706s r 000 0 d
020 _a9783938780329
035 _a(Sirsi) i9783938780329
040 _aPE-LiUPU
_bspa
_cPE-LiUPU
_erda
049 _aPRUA
082 0 4 _a721.04454
_bC7
_221
245 0 1 _aConcrete creations :
_bcontemporary buildings and interiors /
_cproyectos seleccionados por Dirk Meyhöfer ; [traducción, Stephen Roche].
264 1 _a[Berlin] :
_bBraun,
_c2008.
300 _a256 páginas :
_bilustraciones ;
_c25 centímetros
336 _atext
_2rdacontent
337 _aunmediated
_2rdamedia
338 _avolume
_2rdacarrier
504 _aIncludes picture credits.
505 0 _aSkin -- Sculpture -- Detail -- XXL.
526 _aP158
526 _aP146
526 _aP17
526 _aP12
526 _aP06
541 _g001-000206;
541 _g001-000410;
650 0 4 _aArquitectura moderna
_ySiglo XX.
650 0 4 _aConstrucciones de hormigón armado.
700 1 _aMeyhöfer, Dirk,
_eed.
700 1 _aRoche, Stephen,
_etr.
910 _bjv
_cjvm
_d20100511
942 _2ddc
_cBOOK
949 _a721.04454 C7
_wDEWEY
_c1
_i62898
_d2016-4-8
_e2016-4-8
_lCCODEBUL1
_mBUL
_n1
_p72.00
_r0
_sY
_tBOOK
_u2015-7-6
_xINGENIERIA
_PP06
_0COMPRA
_o.STAFF. Colección General
949 _a721.04454 C7
_wDEWEY
_c2
_i61615
_d2016-4-8
_e2016-4-8
_lCCODEBUL1
_mBUL
_n1
_p70.00
_r0
_sY
_tBOOK
_u2015-7-6
_xINGENIERIA
_PP06
_0COMPRA
_o.STAFF. Colección General
994 _aC0
_bPEPRU
596 _a1
999 _a721.04454 C7
_wDEWEY
_c50796
_i62898
_d50796
_e2016-4-8
_f2021-11-9
_g7
_lCCODEBUL1
_mBUL
_n1
_p72.00
_r0
_sY
_tBOOK
_u2015-7-6
_xINGENIERIA
_PP06
_0COMPRA
_o.STAFF. Colección General
999 _a721.04454 C7
_wDEWEY
_c2
_i61615
_d2016-4-8
_e2016-4-8
_f2021-11-9
_g7
_lCCODEBUL1
_mBUL
_n1
_p70.00
_r0
_sY
_tBOOK
_u2015-7-6
_xINGENIERIA
_PP06
_0COMPRA
_o.STAFF. Colección General
980 _81
_gALBERTO SANCHEZ Responsable de Automatización